000 00340cam a22001217a 4500
008 180718b1965 xxu||||| |||| 00| 0 eng d
082 _aB19 K897
100 _aKrishna, Daya
245 _aConsiderations towards a theory of social change
_cby Daya Krishna
260 _aBombay
_bMankatalas
_c1965
300 _a196p.
650 _aSocial Change.
999 _c369761
_d369761